| 000 | 00575nam a2200217 a 4500 | ||
|---|---|---|---|
| 001 | BRCA_4310 | ||
| 005 | 20190320204625.0 | ||
| 008 | 250610s1961----nyu#######---#000-0#eng-# | ||
| 041 | _aeng | ||
| 044 | _anyu | ||
| 050 | 4 |
_aPZ3 _b.Ch75 1961 |
|
| 100 | 1 |
_aChristie, Agatha Miller _911064 |
|
| 245 | 1 | 0 |
_aDead Man´s Folly _cAgatha Miller Christie. |
| 260 |
_aNueva York _bPocket Books _c1961 |
||
| 300 |
_a178 p. _c16 cm. |
||
| 440 | 0 |
_aA Hercule Poirot murder mystery _911065 |
|
| 500 | _aCEF106 | ||
| 650 | 1 | 4 |
_aNovelas policíacas _9877 |
| 902 | _aGFM | ||
| 942 |
_2lcc _cB |
||
| 999 |
_c4021 _d4021 |
||